000 00686nam a2200229Ia 4500
003 OSt
005 20220925195531.0
006 a|||||r|||| 00| 0
007 ta
008 220923b |||||||| |||| 00| 0 eng d
037 _cGeneral Book
040 _aRTL
_cRTL
_beng
041 _2eng
_aeng
082 _aX:8:(D6,9(B), L3
100 _aLucas Henry O.
_9254835
245 0 _aComputer based information systems in organization
260 _aChicago
_bS. R. A.
_c1973
300 _axiv, 299p. Bibliography p.289-92; Glossary p.277-88
_ccm.
650 _aManagement
_930681
942 _hX:8:(D6,9(B), L3
_cGB
_2CC
999 _c533322
_d533322